[Event "Chigorin Memorial Open"]
[Site "St Petersburg RUS"]
[Date "2011.10.22"]
[Round "9.30"]
[White "Gavrilov, Alexei1"]
[Black "Pankov, German"]
[Result "1/2-1/2"]
[WhiteTitle "GM"]
[BlackTitle "FM"]
[WhiteElo "2509"]
[BlackElo "2392"]
[WhiteFideId "4104358"]
[BlackFideId "4174569"]
[EventDate "2011.10.14"]

1. e4 c5 2. Nf3 e6 3. c3 d5 4. exd5 Qxd5 5. d4 Nf6 6. Na3 cxd4 7. Nb5 Na6 8.
Qxd4 Bc5 9. Qxd5 Nxd5 10. Nd2 Kd7 11. a3 Nac7 12. Ne4 Be7 13. Nxc7 Nxc7 14. Bf4
Kc6 15. Rd1 Nd5 16. Bc1 f5 17. Ng5 Bxg5 18. Bxg5 h6 19. Bd2 e5 20. c4 Nf6 21. b4
Be6 22. Bc3 Rad8 23. b5+ Kb6 24. Bxe5 Rxd1+ 25. Kxd1 Kc5 26. Kc2 Bxc4 27. Bxc4
Kxc4 28. Rb1 Nd5 29. Rd1 Re8 30. Bxg7 Rg8 31. Be5 Rxg2 32. Rd4+ Kc5 33. Rd2 Kc4
34. Rd4+ Kc5 35. Rd2 Kc4 36. Rd4+ Kc5 1/2-1/2

[Event "Chigorin Memorial Open"]
[Site "St Petersburg RUS"]
[Date "2011.10.22"]
[Round "9.31"]
[White "Belous, Vladimir"]
[Black "Tilicheev, Viacheslav"]
[Result "1-0"]
[BlackTitle "FM"]
[WhiteElo "2504"]
[BlackElo "2389"]
[WhiteFideId "4174003"]
[BlackFideId "24114928"]
[EventDate "2011.10.14"]

1. c4 e6 2. Nf3 Nf6 3. g3 d5 4. Bg2 a6 5. O-O dxc4 6. a4 Nc6 7. Qc2 Qd5 8. Na3
Na5 9. Rd1 Bb4 10. d3 cxd3 11. Rxd3 Qc5 12. Qd1 O-O 13. Nc2 Nc6 14. Nfd4 Ne5 15.
Nb3 Qe7 16. Nxb4 Qxb4 17. Rd4 Qe7 18. Bd2 a5 19. Bxa5 Nd5 20. Bxd5 c5 21. Re4
exd5 22. Qxd5 Qe6 23. Rxe5 Qxd5 24. Rxd5 Be6 25. Rad1 c4 26. Na1 Bxd5 27. Rxd5
Ra6 28. Nc2 Rfa8 29. Bc3 Rxa4 30. Rb5 1-0

[Event "Chigorin Memorial Open"]
[Site "St Petersburg RUS"]
[Date "2011.10.22"]
[Round "9.32"]
[White "Obolenskikh, Dmitry"]
[Black "Zozulia, Anna"]
[Result "1/2-1/2"]
[BlackTitle "IM"]
[WhiteElo "2500"]
[BlackElo "2377"]
[WhiteFideId "4156013"]
[BlackFideId "14102110"]
[EventDate "2011.10.14"]

1. Nf3 Nf6 2. c4 g6 3. Nc3 Bg7 4. e4 d6 5. d4 O-O 6. h3 e5 7. dxe5 dxe5 8. Qxd8
Rxd8 9. Bg5 Re8 10. Nd5 Nxd5 11. cxd5 c6 12. Bc4 cxd5 13. Bxd5 Nc6 14. Bxc6 bxc6
15. O-O Be6 16. Rfc1 Reb8 17. Rc2 a5 18. Be7 a4 19. Bd6 Rb5 20. a3 Rc8 21. Bb4
c5 22. Bc3 f6 23. Rd2 Bf8 24. Rad1 Rbb8 25. g4 h6 26. Kg2 Be7 27. Kg3 Rd8 28. h4
Rxd2 29. Rxd2 Rd8 30. Rxd8+ Bxd8 31. g5 fxg5 32. hxg5 Bxg5 33. Nxg5 hxg5 34. f3
g4 35. fxg4 Bb3 36. Bxe5 Kf7 37. Bd6 Ke6 38. Bc7 Bc2 39. Kf4 Bd1 40. g5 Bc2 41.
Bb6 Kd6 42. Ba5 Bb1 43. Bc3 Bc2 44. Be5+ Ke6 45. Bg7 Kd6 46. Bf8+ Kc6 47. Ke3
Bb1 48. Be7 Bc2 49. e5 Kd5 50. Kd2 Bb3 51. Bf6 1/2-1/2

[Event "Chigorin Memorial Open"]
[Site "St Petersburg RUS"]
[Date "2011.10.22"]
[Round "9.34"]
[White "Levin, Evgeny A."]
[Black "Vlasenko, Miroslav"]
[Result "1/2-1/2"]
[WhiteTitle "GM"]
[BlackTitle "IM"]
[WhiteElo "2481"]
[BlackElo "2382"]
[WhiteFideId "4182596"]
[BlackFideId "4151887"]
[EventDate "2011.10.14"]

1. d4 Nc6 2. Nf3 d5 3. c4 Bg4 4. Nc3 e6 5. cxd5 exd5 6. Bf4 Bd6 7. Bg3 Nf6 8. e3
O-O 9. Be2 Ne4 10. O-O Nxg3 11. hxg3 Be6 12. a3 Ne7 13. b4 a6 14. Ne1 Bf5 15.
Bd3 c6 16. Na4 b5 17. Nc5 Bxc5 18. dxc5 a5 19. g4 Be4 20. Nc2 axb4 21. Bxe4 dxe4
22. Nxb4 Qc8 23. Qd6 Re8 24. Rfd1 Ng6 25. Qg3 Ne5 26. Rd6 Qb7 27. Rad1 g6 28.
R1d4 Qa7 29. Nxc6 Qxc5 30. R4d5 Qc1+ 31. Rd1 Qc5 32. Nxe5 Qxe5 33. Qxe5 Rxe5 34.
R6d5 Rxd5 35. Rxd5 Rxa3 36. Rxb5 Ra4 37. Kh2 h6 38. g5 hxg5 39. Rxg5 Kg7 40. Rc5
f5 41. g4 Kf6 42. Kg3 Ra2 1/2-1/2

[Event "Chigorin Memorial Open"]
[Site "St Petersburg RUS"]
[Date "2011.10.22"]
[Round "9.35"]
[White "Girya, Olga"]
[Black "Shinkevich, Vitaly"]
[Result "1-0"]
[WhiteTitle "WGM"]
[BlackTitle "IM"]
[WhiteElo "2390"]
[BlackElo "2480"]
[WhiteFideId "4195752"]
[BlackFideId "4122690"]
[EventDate "2011.10.14"]

1. d4 Nf6 2. c4 g6 3. Nc3 d5 4. cxd5 Nxd5 5. Bd2 Nb6 6. Nf3 Bg7 7. Bg5 O-O 8. e3
h6 9. Bh4 g5 10. Bg3 c5 11. dxc5 Bxc3+ 12. bxc3 Qxd1+ 13. Rxd1 Na4 14. h4 g4 15.
Rd4 Nxc5 16. Ne5 h5 17. f3 Kg7 18. Rd5 Na4 19. Ra5 Nb6 20. Nc4 N8d7 21. Rg5+ Kf6
22. fxg4 Ke6 23. Nxb6 Nxb6 24. Re5+ Kf6 25. gxh5 Rg8 26. Bf4 Bg4 27. Rg5 Rad8
28. Be2 Bxe2 29. Kxe2 Nc4 30. Rd1 e5 31. Rxg8 Rxg8 32. Bg5+ Ke6 33. Rf1 f5 34.
e4 f4 35. g3 Nd6 36. Kd3 fxg3 37. Rf6+ Kd7 38. Rf3 Rh8 39. h6 g2 40. Rg3 Nf7 41.
Rxg2 Nxh6 42. Bf6 Re8 43. Rg6 Nf7 44. h5 Nh8 45. Bxh8 Rxh8 46. h6 Ke7 47. Rg7+
Kf6 48. Rxb7 Rxh6 49. Rxa7 Rh3+ 50. Kc4 Re3 51. Ra6+ 1-0

[Event "Chigorin Memorial Open"]
[Site "St Petersburg RUS"]
[Date "2011.10.22"]
[Round "9.37"]
[White "Yuffa, Daniil"]
[Black "Nozdrachev, Vladislav"]
[Result "0-1"]
[WhiteTitle "FM"]
[BlackTitle "FM"]
[WhiteElo "2378"]
[BlackElo "2463"]
[WhiteFideId "24131423"]
[BlackFideId "24113441"]
[EventDate "2011.10.14"]

1. Nf3 Nf6 2. g3 b5 3. Bg2 Bb7 4. d4 e6 5. O-O c5 6. c3 Be7 7. Qb3 a6 8. a4 Bd5
9. Qc2 Be4 10. Qb3 bxa4 11. Qxa4 O-O 12. Nbd2 Bc6 13. Qa5 cxd4 14. Qxd8 Rxd8 15.
Nxd4 Bxg2 16. Kxg2 d5 17. N2f3 Rc8 18. Bf4 Ne4 19. Ra2 Nd7 20. Rfa1 Bf6 21. Rxa6
Rxa6 22. Rxa6 e5 23. Nf5 g6 24. Nh6+ Kf8 25. Be3 Bg7 26. Ra7 Nef6 27. Bg5 Bxh6
28. Bxh6+ Ke8 29. Bg7 Rc6 30. Rb7 Kd8 31. Rb5 Re6 32. Ra5 Ne8 33. Bh6 Nc7 34.
Ng5 Rb6 35. Ra2 f6 36. Nxh7 Ke7 37. Ra7 Rc6 38. f4 exf4 39. Bxf4 Ne6 40. Nxf6
Nxf4+ 41. gxf4 Rxf6 42. Ra4 Nc5 43. Ra7+ Ke6 44. e3 Rf8 45. Rg7 Kf6 46. Rc7 Nd3
47. b4 Re8 48. Kf3 Ne1+ 49. Kg4 Rxe3 50. Rc6+ Kg7 51. b5 Nd3 52. Rc7+ Kh6 53. f5
Ne5+ 54. Kf4 Re4+ 55. Kg3 Rg4+ 56. Kf2 Rf4+ 57. Ke3 Re4+ 58. Kd2 Nc4+ 59. Kd3
gxf5 60. b6 Re8 61. b7 Rb8 62. Kd4 Kg6 63. h4 Na5 64. Kxd5 Rxb7 65. Rxb7 Nxb7
66. Ke5 Nc5 67. c4 Nd3+ 68. Kd4 Nf4 69. Ke5 Nd3+ 70. Kd4 Nb4 71. Ke5 Nc6+ 72.
Kf4 Kf6 73. Ke3 Ke5 74. h5 f4+ 75. Kd3 Kf5 76. h6 Ne5+ 77. Kd4 Kg6 78. Ke4 f3
79. Ke3 Kxh6 80. c5 Kg5 81. c6 Kg4 82. c7 Nc4+ 0-1

[Event "Chigorin Memorial Open"]
[Site "St Petersburg RUS"]
[Date "2011.10.22"]
[Round "9.38"]
[White "Predke, Alexandr"]
[Black "Khakimov, Timur"]
[Result "1-0"]
[BlackTitle "IM"]
[WhiteElo "2461"]
[BlackElo "2281"]
[WhiteFideId "24107581"]
[BlackFideId "4169115"]
[EventDate "2011.10.14"]

1. c4 Nf6 2. Nc3 d5 3. d4 c6 4. cxd5 cxd5 5. Bf4 Nc6 6. e3 a6 7. Bd3 g6 8. h3
Bg7 9. Rc1 O-O 10. Nf3 b5 11. O-O Bb7 12. a4 b4 13. Nb1 Nd7 14. Nbd2 e5 15. dxe5
Ndxe5 16. Nxe5 Nxe5 17. Nb3 Qe7 18. Be2 Rac8 19. Na5 Rfd8 20. Rxc8 Rxc8 21. Qb3
Nc4 22. Nxb7 Qxb7 23. Rd1 Nxb2 24. Rxd5 Qc6 25. Rd6 Qxa4 26. Qd5 Rf8 27. Bxa6
Qc2 28. Rd7 Qa4 29. Bb5 Qa8 30. Bc6 Qa1+ 31. Kh2 Na4 32. Rb7 Nc3 33. Qc4 Qe1 34.
Rxf7 Rxf7 35. Be8 Qd1 36. Bxf7+ Kf8 37. Qe6 1-0

[Event "Chigorin Memorial Open"]
[Site "St Petersburg RUS"]
[Date "2011.10.22"]
[Round "9.39"]
[White "Savchenko, Boris"]
[Black "Shchukin, Dmitry"]
[Result "1-0"]
[WhiteTitle "GM"]
[BlackTitle "IM"]
[WhiteElo "2630"]
[BlackElo "2344"]
[WhiteFideId "4147332"]
[BlackFideId "4121724"]
[EventDate "2011.10.14"]

1. d4 Nf6 2. c4 d6 3. Nc3 Nbd7 4. e4 e5 5. d5 c6 6. f3 Be7 7. Be3 cxd5 8. cxd5
a6 9. Nge2 O-O 10. Ng3 b5 11. Nf5 Re8 12. a4 b4 13. Na2 a5 14. Nxe7+ Rxe7 15.
Nc1 Nb6 16. Bb5 Bd7 17. Qe2 Bxb5 18. Qxb5 Rb7 19. Nb3 Rbb8 20. Qd3 Rc8 21. O-O
Nc4 22. Rfc1 Nxb2 23. Qb5 Rc3 24. Bb6 Qc8 25. Bxa5 Nd3 26. Rxc3 Qxc3 27. Qc6 Rc8
28. Qxc3 Rxc3 29. Rb1 Nd7 30. Bd8 N7c5 31. Nxc5 Rxc5 32. Kf1 Rc2 33. Ba5 Rc4 34.
Ke2 Nc5 35. Rxb4 Rxb4 36. Bxb4 Nxa4 37. Bxd6 f6 38. Kd3 Kf7 39. Kc4 Nb6+ 40. Kb5
Nd7 41. Kc6 Ke8 42. Kc7 g6 43. g4 h5 44. gxh5 gxh5 45. h4 f5 46. exf5 Nf6 47.
Bxe5 Nxd5+ 48. Kd6 Nb4 49. Ke6 Nc6 50. Bg7 Nd8+ 51. Kf6 Nc6 52. Bh6 Nd4 53. f4
Nf3 54. Bg5 Nd4 55. Kg6 Nb5 56. f6 Nd6 57. Kg7 Nf5+ 58. Kg8 Nd6 59. Bh6 Nf7 60.
Bf8 Nd8 61. Be7 Nf7 62. Kg7 1-0

[Event "Chigorin Memorial Open"]
[Site "St Petersburg RUS"]
[Date "2011.10.22"]
[Round "9.40"]
[White "Vysochin, Spartak"]
[Black "Tappyrov, Vladimir"]
[Result "1-0"]
[WhiteTitle "GM"]
[BlackTitle "FM"]
[WhiteElo "2558"]
[BlackElo "2330"]
[WhiteFideId "14103516"]
[BlackFideId "4157184"]
[EventDate "2011.10.14"]

1. e4 d5 2. exd5 Qxd5 3. Nc3 Qa5 4. d4 Nf6 5. Nf3 c6 6. Bc4 Bf5 7. Bd2 e6 8. Nd5
Qd8 9. Nxf6+ Qxf6 10. Qe2 Bg4 11. d5 Bxf3 12. gxf3 e5 13. O-O-O Bd6 14. Rhg1 h6
15. Rg4 Nd7 16. dxc6 bxc6 17. Rf4 1-0

[Event "Chigorin Memorial Open"]
[Site "St Petersburg RUS"]
[Date "2011.10.22"]
[Round "9.41"]
[White "Yakovich, Yuri"]
[Black "Barhudarian, Rafael"]
[Result "0-1"]
[WhiteTitle "GM"]
[BlackTitle "FM"]
[WhiteElo "2549"]
[BlackElo "2325"]
[WhiteFideId "4100654"]
[BlackFideId "4182685"]
[EventDate "2011.10.14"]

1. d4 Nc6 2. Nf3 d6 3. e4 Nf6 4. Nc3 Bg4 5. Be3 a6 6. h3 Bxf3 7. Qxf3 e5 8. d5
Nb8 9. O-O-O b5 10. g4 Be7 11. g5 Nfd7 12. h4 Nb6 13. Kb1 g6 14. Qg4 Qc8 15. Qg3
N8d7 16. f4 b4 17. Ne2 Nc4 18. f5 Nxe3 19. Qxe3 c5 20. h5 Rg8 21. hxg6 hxg6 22.
fxg6 Rxg6 23. Rh8+ Nf8 24. Bh3 Bxg5 25. Qf3 Qd8 26. Bf5 Qf6 27. Rhh1 Rh6 28. Qb3
Ng6 29. Qa4+ Kf8 30. Qc6 Rd8 31. Qxa6 Nh4 32. Rhf1 Ng2 33. Rf3 Ne3 34. Rg1 Bf4
35. Qd3 c4 36. Qd2 Nf1 37. Qxf4 exf4 38. Rgxf1 Rh2 39. Nxf4 Ke7 40. Bh3 Rh8 41.
b3 R8xh3 0-1

[Event "Chigorin Memorial Open"]
[Site "St Petersburg RUS"]
[Date "2011.10.22"]
[Round "9.42"]
[White "Dzhangobegov, Vladimir"]
[Black "Airapetian, Gor"]
[Result "1-0"]
[BlackTitle "IM"]
[WhiteElo "2333"]
[BlackElo "2463"]
[WhiteFideId "4180984"]
[BlackFideId "4177916"]
[EventDate "2011.10.14"]

1. e4 c6 2. d4 d5 3. e5 c5 4. Nf3 Nc6 5. Bb5 Bg4 6. dxc5 e6 7. b4 Ne7 8. Bb2 g6
9. Nbd2 a6 10. Bxc6+ Nxc6 11. a3 b6 12. cxb6 Qxb6 13. O-O Bh6 14. Qe1 O-O 15. h3
Bf5 16. Qd1 a5 17. c3 Bd3 18. Re1 Bf4 19. Nb3 Be4 20. Nc5 Rfd8 21. Bc1 Bxf3 22.
Qxf3 Bxe5 23. Rxe5 Nxe5 24. Qf6 1-0

[Event "Chigorin Memorial Open"]
[Site "St Petersburg RUS"]
[Date "2011.10.22"]
[Round "9.44"]
[White "Leontiev, Aleksandr V."]
[Black "Eliseev, Urii"]
[Result "0-1"]
[WhiteTitle "IM"]
[WhiteElo "2329"]
[BlackElo "2441"]
[WhiteFideId "4122968"]
[BlackFideId "24131920"]
[EventDate "2011.10.14"]

1. c4 e5 2. Nc3 Nf6 3. Nf3 Nc6 4. e4 Bb4 5. d3 d6 6. g3 Bc5 7. Bg2 O-O 8. O-O a6
9. h3 h6 10. Kh2 Rb8 11. a3 Ba7 12. Be3 Bxe3 13. fxe3 Nh7 14. Nh4 g6 15. b4 Kg7
16. Ra2 Ne7 17. Raf2 c6 18. Bf3 Ng5 19. Bg2 Be6 20. Nf3 Qd7 21. h4 Nh7 22. Nd2
Ng8 23. Qb3 Ngf6 24. Re2 g5 25. Nf3 b5 26. Nd2 gxh4 27. gxh4 Kh8 28. Bf3 Rg8 29.
Nd1 Qe7 0-1

[Event "Chigorin Memorial Open"]
[Site "St Petersburg RUS"]
[Date "2011.10.22"]
[Round "9.47"]
[White "Stukopin, Andrey"]
[Black "Ivkina, Olga"]
[Result "1-0"]
[WhiteTitle "IM"]
[BlackTitle "WIM"]
[WhiteElo "2438"]
[BlackElo "2296"]
[WhiteFideId "24107131"]
[BlackFideId "4156820"]
[EventDate "2011.10.14"]

1. e4 e5 2. Bc4 Nf6 3. d3 Nc6 4. a3 Bc5 5. Nc3 d6 6. Na4 Bb6 7. Nxb6 axb6 8. Nf3
Bg4 9. c3 Qd7 10. h3 Be6 11. Bb5 Ra5 12. a4 O-O 13. O-O Rfa8 14. Bg5 Nh5 15. d4
f6 16. d5 Bxh3 17. Nh2 Nf4 18. Bxf4 exf4 19. gxh3 Qxh3 20. dxc6 bxc6 21. b4 Rxb5
22. axb5 Re8 23. Qf3 Qh6 24. Kh1 Re5 25. Rg1 Rh5 26. Rg2 cxb5 27. Ra8+ Kf7 28.
Rc8 g6 29. Rxc7+ Ke6 30. Qg4+ f5 31. exf5+ Rxf5 32. Rg1 d5 33. Re1+ Kd6 34. Rce7 1-0

[Event "Chigorin Memorial Open"]
[Site "St Petersburg RUS"]
[Date "2011.10.22"]
[Round "9.48"]
[White "Solovyov, Viktor"]
[Black "Hamitevici, Vladimir"]
[Result "1/2-1/2"]
[BlackTitle "IM"]
[WhiteElo "2312"]
[BlackElo "2438"]
[WhiteFideId "4102754"]
[BlackFideId "13902393"]
[EventDate "2011.10.14"]

1. Nf3 c5 2. c4 Nc6 3. Nc3 g6 4. e3 Nf6 5. d4 cxd4 6. exd4 d5 7. cxd5 Nxd5 8.
Qb3 Nxc3 9. Bc4 Nd5 10. Bxd5 e6 11. Bxc6+ bxc6 12. O-O Qd5 13. Bf4 Qxb3 14. axb3
c5 15. Be5 Rg8 16. Rfc1 cxd4 17. Bxd4 Bd6 18. Rxa7 Rxa7 19. Bxa7 Bb7 20. Bc5 Kd7
21. b4 Bd5 22. Ra1 Ra8 23. Rxa8 Bxa8 24. Ng5 f6 25. Nxh7 Bxc5 26. bxc5 Ke7 27.
g4 g5 28. h4 Be4 29. hxg5 Bxh7 30. gxf6+ Kxf6 31. f4 e5 32. f5 Bg8 33. c6 Ke7
34. g5 Bd5 35. f6+ Kd6 36. Kf2 Bf7 37. Ke3 Bg6 38. b4 Kxc6 39. b5+ Kxb5 40. f7 1/2-1/2

[Event "Chigorin Memorial Open"]
[Site "St Petersburg RUS"]
[Date "2011.10.22"]
[Round "9.51"]
[White "Bodnaruk, Anastasia"]
[Black "Tarasova, Viktoriya"]
[Result "1-0"]
[WhiteTitle "IM"]
[BlackTitle "WIM"]
[WhiteElo "2417"]
[BlackElo "2275"]
[WhiteFideId "4181751"]
[BlackFideId "4175840"]
[EventDate "2011.10.14"]

1. e4 e5 2. Nf3 Nc6 3. Bb5 a6 4. Ba4 Nf6 5. O-O Be7 6. d3 d6 7. c4 O-O 8. h3 Nd7
9. Be3 Bf6 10. Nc3 Nd4 11. b4 c6 12. Nh2 a5 13. b5 Nc5 14. Rb1 Bd7 15. bxc6 bxc6
16. Qd2 Rb8 17. Ng4 Rxb1 18. Rxb1 Be7 19. f4 Qc7 20. Rf1 f5 21. exf5 Bxf5 22.
Nf2 Nce6 23. Nfe4 exf4 24. Bxd4 Nxd4 25. Rxf4 Be6 26. Rxf8+ Bxf8 27. Qf2 c5 28.
Ng5 Bf5 29. Nb5 Qc8 30. Nxd4 cxd4 31. Qf3 h6 32. Qd5+ Kh8 33. Nf7+ Kh7 34. Nxd6
Bxd6 35. Qxd6 Bxd3 36. c5 Bb1 37. Qxd4 Bxa2 38. Bd7 Qb8 39. Bf5+ Kg8 40. c6 Qc7
41. Bd7 Bb3 42. Qc3 Bf7 43. Qd4 Bb3 44. Qe4 Bf7 45. Kh1 Qd6 46. Qc2 Qc7 47. Kg1
h5 48. h4 Qb6+ 49. Kh2 Qc7+ 50. g3 g6 51. Qd2 Kf8 52. Qh6+ Ke7 53. Qg5+ Kf8 54.
Qf6 a4 55. Qd4 Bb3 56. Qb4+ Kf7 57. Qb7 Qe5 58. Bh3+ Kf6 59. c7 1-0

[Event "Chigorin Memorial Open"]
[Site "St Petersburg RUS"]
[Date "2011.10.22"]
[Round "9.52"]
[White "Usmanov, Vasily"]
[Black "Nezad, Husein Aziz"]
[Result "0-1"]
[BlackTitle "IM"]
[WhiteElo "2238"]
[BlackElo "2414"]
[WhiteFideId "4135741"]
[BlackFideId "12100293"]
[EventDate "2011.10.14"]

1. d4 d5 2. c4 c6 3. Nf3 Nf6 4. Qc2 dxc4 5. Qxc4 Bf5 6. e3 Nbd7 7. g3 e6 8. Bg2
Be7 9. O-O O-O 10. Rd1 e5 11. dxe5 Nxe5 12. Rxd8 Nxc4 13. Rxa8 Rxa8 14. Nd4 Bg6
15. Nd2 Nb6 16. a4 a5 17. N2f3 Bb4 18. Ne5 Be4 19. Bxe4 Nxe4 20. f3 Nc5 21. b3
Re8 22. f4 f6 23. Nef3 Nd5 24. Ra2 Nd3 25. Bd2 Bxd2 26. Nxd2 Nxe3 27. Nc4 Nxc4
28. bxc4 Nc5 29. f5 Re1+ 30. Kg2 Rc1 31. Ne6 Rxc4 32. Rd2 Nxe6 33. fxe6 Kf8 34.
Rd7 b5 35. Rf7+ Ke8 36. axb5 cxb5 37. Rxg7 a4 38. Rb7 b4 39. Rxh7 b3 40. Rb7
Rc2+ 41. Kf3 b2 42. Ke4 a3 43. Kd5 Rd2+ 0-1

[Event "Chigorin Memorial Open"]
[Site "St Petersburg RUS"]
[Date "2011.10.22"]
[Round "9.53"]
[White "Pashinsky, Mikhail"]
[Black "Arslanov, Shamil"]
[Result "1/2-1/2"]
[BlackTitle "IM"]
[WhiteElo "2228"]
[BlackElo "2413"]
[WhiteFideId "4152450"]
[BlackFideId "4192826"]
[EventDate "2011.10.14"]

1. e4 e6 2. d4 d5 3. e5 c5 4. c3 Qb6 5. Nf3 Nc6 6. a3 Nh6 7. b4 cxd4 8. Bxh6
gxh6 9. cxd4 Bd7 10. Ra2 Rc8 11. Rc2 a5 12. b5 Na7 13. Rxc8+ Nxc8 14. Qb3 Qc7
15. Kd1 Nb6 16. Nc3 Be7 17. Bd3 O-O 18. a4 f6 19. exf6 Bxf6 20. Re1 Rc8 21. Re3
Nc4 22. Bxc4 Qxc4 23. Ne2 Qxb3+ 24. Rxb3 Rc4 25. Ra3 Be8 26. Rc3 Rxa4 27. Rc8
Kf7 28. Rc7+ Kf8 29. Rxb7 Rb4 30. b6 Bc6 31. Ra7 Rxb6 32. Rxa5 Rb2 33. Ra7 Bb5
34. Nf4 Rxf2 35. Rxh7 Bxd4 36. Nxd4 Ba4+ 37. Ke1 Rxf4 38. Nxe6+ Kg8 39. Nxf4
Kxh7 40. Nxd5 Bc6 41. Nf4 Kg7 42. Kf2 Kf6 43. g4 Kg5 44. Kg3 Bb7 45. Ne6+ Kf6
46. Nc5 Bd5 47. Kf4 Ba2 48. h4 Bb1 49. Ne4+ Bxe4 50. Kxe4 Ke6 51. Kd3 Kf7 52.
Ke3 Ke7 53. Kd3 Kd7 54. Ke4 Ke6 55. Kd3 Kd7 56. Kd2 Kd6 57. Ke3 Ke7 58. Ke2 Ke6
59. Kf2 Kf6 60. Kg2 Kg6 61. Kg3 Kg7 62. Kf2 Kf6 63. Ke2 Ke6 64. Kd2 Kd6 65. Ke3
Ke7 66. Ke2 Ke6 67. Kf3 Kf7 1/2-1/2

[Event "Chigorin Memorial Open"]
[Site "St Petersburg RUS"]
[Date "2011.10.22"]
[Round "9.54"]
[White "Hayrapetian, Ovik"]
[Black "Bukhteeva, Viktoria"]
[Result "0-1"]
[WhiteTitle "IM"]
[BlackTitle "WFM"]
[WhiteElo "2398"]
[BlackElo "2178"]
[WhiteFideId "13302639"]
[BlackFideId "4192907"]
[EventDate "2011.10.14"]

1. d4 d5 2. Nf3 Nf6 3. c4 e6 4. Nc3 Be7 5. Bg5 O-O 6. e3 Nbd7 7. Qc2 c5 8. cxd5
cxd4 9. Nxd4 Nxd5 10. Bxe7 Qxe7 11. Nxd5 exd5 12. Be2 Ne5 13. O-O Be6 14. Rac1
Rac8 15. Qa4 a6 16. b3 h6 17. h3 Nd7 18. Qa5 Qd6 19. Bf3 Ne5 20. Rfd1 Rfd8 21.
Kf1 Ng6 22. Ne2 Nh4 23. Rxc8 Rxc8 24. Nf4 Nxf3 25. gxf3 Rc2 26. Qa4 Qe5 27. b4
Qb2 28. Nd3 Bxh3+ 29. Kg1 Qf6 30. Kh2 Qxf3 31. Rg1 Rxf2+ 32. Nxf2 Qxf2+ 33. Kh1
Bf5 34. Rg2 Qxe3 35. Kh2 Qh3+ 36. Kg1 Be4 0-1

[Event "Chigorin Memorial Open"]
[Site "St Petersburg RUS"]
[Date "2011.10.22"]
[Round "9.55"]
[White "Egorov, Dmitry"]
[Black "Kalinin, Nikita"]
[Result "1/2-1/2"]
[WhiteTitle "FM"]
[WhiteElo "2353"]
[BlackElo "2102"]
[WhiteFideId "4128303"]
[BlackFideId "24155390"]
[EventDate "2011.10.14"]

1. e4 c5 2. Nf3 Nc6 3. c3 g6 4. d4 cxd4 5. cxd4 Bg7 6. Nc3 d6 7. d5 Ne5 8. Nxe5
Bxe5 9. Be3 Nf6 10. Bd4 Bxd4 11. Qxd4 O-O 12. Be2 Qb6 13. Qxb6 axb6 14. O-O Bd7
15. Rac1 Rfc8 16. a3 Rc7 17. f3 Rac8 18. Na2 Rc2 19. Bd3 Rxb2 20. Rxc8+ Bxc8 21.
Nb4 Nd7 22. Rb1 Rxb1+ 23. Bxb1 Nc5 24. Bd3 Nd7 25. Bb1 Nc5 26. Bd3 Nd7 1/2-1/2

[Event "Chigorin Memorial Open"]
[Site "St Petersburg RUS"]
[Date "2011.10.22"]
[Round "9.56"]
[White "Kalegin, Evgenij"]
[Black "Zakharchenko, Arnold"]
[Result "1-0"]
[WhiteTitle "IM"]
[BlackTitle "IM"]
[WhiteElo "2467"]
[BlackElo "2225"]
[WhiteFideId "4103416"]
[BlackFideId "14103745"]
[EventDate "2011.10.14"]

1. e4 g6 2. d4 Bg7 3. Nf3 d6 4. Bc4 Nf6 5. Qe2 c6 6. e5 Nd5 7. Bd2 O-O 8. Nc3
Nb6 9. Bd3 Bg4 10. O-O-O N8d7 11. Bf4 dxe5 12. dxe5 Qc7 13. Rhe1 Nd5 14. Nxd5
cxd5 15. Kb1 e6 16. Qe3 Rfc8 17. Rc1 Bxf3 18. gxf3 Qb6 19. Qd2 Nc5 20. Be3 Bxe5
21. c3 Qd6 22. Bc2 Bf6 23. h4 b5 24. h5 a5 25. f4 b4 26. Bd4 bxc3 27. bxc3 Nd7
28. hxg6 hxg6 29. Ka1 Bxd4 30. Qxd4 Rc4 31. Qd3 Qxf4 32. Bb3 Re4 33. Rh1 Qf6 34.
Bxd5 exd5 35. Qxd5 Rae8 36. Qxd7 Qxf2 37. Rhf1 1-0

[Event "Chigorin Memorial Open"]
[Site "St Petersburg RUS"]
[Date "2011.10.22"]
[Round "9.57"]
[White "Shurunov, Arseny"]
[Black "Ziatdinov, Raset"]
[Result "1-0"]
[WhiteTitle "FM"]
[BlackTitle "GM"]
[WhiteElo "2219"]
[BlackElo "2415"]
[WhiteFideId "24111570"]
[BlackFideId "2015323"]
[EventDate "2011.10.14"]

1. e4 e5 2. Nf3 Nc6 3. Bb5 a6 4. Ba4 d6 5. c3 Bd7 6. O-O Nge7 7. Bb3 Ng6 8. d4
Be7 9. Be3 h6 10. Nbd2 Bg5 11. Nxg5 hxg5 12. f3 Nf4 13. dxe5 Nxe5 14. Nc4 Qf6
15. Nxe5 dxe5 16. Qc2 O-O-O 17. g3 Nh3+ 18. Kh1 Bb5 19. c4 Bc6 20. Qe2 g4 21.
Bc2 Qg6 22. fxg4 Bxe4+ 23. Bxe4 Qxe4+ 24. Qf3 Qxc4 25. Rac1 Qxa2 26. Qxf7 Qxf7
27. Rxf7 Rd7 28. Rf5 g6 29. Rxe5 Rd3 30. Re7 c6 31. Kg2 Rb3 32. Bd4 Rd8 33. Bf6
Ng5 34. Bxg5 Rxb2+ 35. Kg1 a5 36. Re5 Rf8 37. Bf4 Ra2 38. Re7 1-0

[Event "Chigorin Memorial Open"]
[Site "St Petersburg RUS"]
[Date "2011.10.22"]
[Round "9.59"]
[White "Chehlov, Aleksander"]
[Black "Serov, Maksim"]
[Result "0-1"]
[WhiteTitle "FM"]
[WhiteElo "2211"]
[BlackElo "2388"]
[WhiteFideId "11600632"]
[BlackFideId "4181905"]
[EventDate "2011.10.14"]

1. e4 c5 2. Nf3 b6 3. d4 cxd4 4. Nxd4 Bb7 5. Nc3 a6 6. Bd3 d6 7. O-O Nd7 8. Qe2
g6 9. Be3 Bg7 10. Rad1 Ngf6 11. f4 O-O 12. Kh1 b5 13. a3 Qc7 14. Nb3 Rac8 15.
Bg1 Rfe8 16. Rde1 e5 17. f5 d5 18. Nd2 d4 19. Nd1 Nc5 20. g4 Nxd3 21. cxd3 Qc2
22. Rf2 Nd7 23. g5 Nc5 24. f6 Bf8 25. Rf3 Na4 26. Rh3 Nxb2 27. Nf2 Rc3 28. Rg3
Rxa3 29. h4 Bb4 30. h5 Qxd2 31. hxg6 hxg6 32. Qxd2 Bxd2 33. Rb1 Nxd3 0-1

[Event "Chigorin Memorial Open"]
[Site "St Petersburg RUS"]
[Date "2011.10.22"]
[Round "9.60"]
[White "Karasev, Vladimir I"]
[Black "Yakimenko, Alexander A."]
[Result "1-0"]
[WhiteTitle "IM"]
[WhiteElo "2372"]
[BlackElo "2211"]
[WhiteFideId "4103971"]
[BlackFideId "24141917"]
[EventDate "2011.10.14"]

1. Nf3 e6 2. g3 f5 3. Bg2 Nf6 4. d3 Be7 5. O-O O-O 6. Nbd2 Nc6 7. e4 d6 8. exf5
e5 9. c3 Kh8 10. Qb3 d5 11. Nh4 Nh5 12. Ndf3 e4 13. dxe4 dxe4 14. Rd1 Qe8 15.
Ng5 Rb8 16. Re1 Nf6 17. Bf4 Nh5 18. Bd2 Nf6 19. Nxe4 Nxe4 20. Rxe4 Qd8 21. Be3
Bxh4 22. Rxh4 Bxf5 23. Bc5 Re8 24. Rf4 Bg6 25. h4 Qc8 26. Rd1 Na5 27. Qd5 b6 28.
Bd4 c6 29. Qg5 Qc7 30. h5 c5 31. hxg6 cxd4 32. Rh4 h6 33. Rxh6+ 1-0